000 00813nam a2200253Ia 4500
003 OSt
005 20221005084847.0
006 a|||||r|||| 00| 0
007 ta
008 221004b |||||||| |||| 00| 0 eng d
020 _a0 521 52966 2 (pbk)
_c2471.47
024 _a119279
037 _b728, 30/03/2012, Bharatiya Sahitya Bhavana
_cTextual
040 _aCRL
_cCRL
_beng
041 _2eng
_aeng
082 _aR1, P2
100 _aO'Hear Anthony Ed.
_918363
245 0 _aLogic, thought and language
_b Royal institute of philosophy supplement
260 _aNew York
_bCambridge University Press U.S.A
_c2002
300 _avii, 346p.
_ccm.
650 _aPHILOSOPHY
942 _hR1, P2
_cTEXL
_2cc
999 _c993244
_d993244